Historia de la educación en Guatemala /

El estudio de la educación en Guatemala contempla la educación de los pueblos mayas y mayaquiches, la educación durante el período colonial, la vida independiente, la reforma liberal, la educación durante las cuatro primeras décadas del siglo XX y la educación en ese país hasta 1954.

Сохранить в:
Библиографические подробности
Главный автор: González Orellana, Carlos (autor)
Формат:
Язык:испанский
Редактирование:2a edición
Серии:(Colección Científico-Pedagógica ; 26)
Предметы:
Метки: Добавить метку
Нет меток, Требуется 1-ая метка записи!

MARC

LEADER 00000nam^a2200000^a^4500
001 000122554
005 20250521000000.0
009 20260310094506.651
037 |a Acervo ITESO - Biblioteca 
041 |a ESP 
082 |a 370. 97281  |b GON 
100 |a González Orellana, Carlos  |e (autor) 
245 1 0 |a Historia de la educación en Guatemala /  |c C. González Orellana. 
250 |a 2a edición  |b revisada y aumentada 
264 |a Guatemala :  |b Editorial José de Pineda Ibarra,  |c 1970 
300 |a 564 p. 
336 |a texto  |b txt  |2 rdacontenido 
337 |a sin mediación  |b n  |2 rdamedio 
338 |a volumen  |b nc  |2 rdasoporte 
440 1 |a (Colección Científico-Pedagógica ;  |v 26) 
520 |a El estudio de la educación en Guatemala contempla la educación de los pueblos mayas y mayaquiches, la educación durante el período colonial, la vida independiente, la reforma liberal, la educación durante las cuatro primeras décadas del siglo XX y la educación en ese país hasta 1954. 
649 |a XX 
650 |a Educación -  |z Guatemala -  |x Historia 
910 |a Fondo Salvador Reynoso Reynoso 
920 |a Impresos - Libros 
930 |a Fondos Especiales 
905 |a 112 
901 |a 0800006823  |b IT2  |c ESP  |u 20250521 
902 |a https://opac.biblio.iteso.mx/vufind/Record/000122554